[Event "AUT-ch U14 Girls"]
[Site "Vienna"]
[Date "2008.05.12"]
[Round "6"]
[White "Monadjem, Mina"]
[Black "Stoeckel, Sabrina"]
[Result "1-0"]
[WhiteElo "1382"]
[BlackElo "1285"]
[PlyCount "91"]
[EventDate "2008.05.10"]
[EventType "swiss"]
[EventRounds "7"]
[EventCountry "AUT"]
[SourceTitle "EXT 2009"]
[Source "ChessBase"]
[SourceDate "2008.11.26"]
[SourceVersion "1"]
[SourceVersionDate "2008.11.26"]
[SourceQuality "1"]

1. e4 e5 2. Nf3 Nc6 3. Bc4 Bb4 4. c3 Bc5 5. d4 Bb6 6. dxe5 d6 7. exd6 cxd6 8. Ng5 Ne5 9. Be2 Nh6 10. h3 0-0 11. 0-0 Qf6 12. Nf3 Rd8 13. Bxh6 Qxh6 14. Nxe5 dxe5 15. Qb3 Qg6 16. Bc4 Be6 17. Bxe6 fxe6 18. Re1 Qf6 19. Rf1 Rd6 20. Qc2 Rf8 21. Na3 Bc5 22. b4 b6 23. bxc5 bxc5 24. Nb5 Rd7 25. Rad1 Rdf7 26. Nd6 Re7 27. Nc4 Qg5 28. Qd2 Qg6 29. Qe3 Rf4 30. Nxe5 Qg5 31. Rd8+ Rf8 32. Qxg5 Ree8 33. Rxe8 Rxe8 34. Qf4 Rf8 35. Qe3 h6 36. Qxc5 a6 37. Qd6 Re8 38. Qd7 Rf8 39. Qxe6+ Kh7 40. Rb1 Rf6 41. Qe7 Rg6 42. Nxg6 Kxg6 43. Rb6+ Kh7 44. Qf7 Kh8 45. Rg6 h5 46. Qxg7# 1-0